000 00346nam a2200157Ia 4500
100 _aFrankland/ T.W.
650 _aFitter
250 _aIV
942 _cBK
654 _aPipe fitters
245 _aPipe fitters & Pipe welder''''s Handbook
260 _bBailey Bros
_aChicago
_c1973
082 _a671.024
300 _a175
546 _aENGLISH
999 _c22921
_d22921